000 00460nam a2200133Ia 4500
008 220216s9999 xx 000 0 und d
100 _aVarughese S
245 0 _aEffect of mode of filler addition on the dynamic mechanical properties of epoxidized natural rubber-cis-1,4-polybutadiene rubber blend
260 _bJournal of Applied Polymer Science
_c1993
300 _a1115-1121
650 _aEpoxidized natural rubber
700 _aTripathy D K
942 _cJS
999 _c57959
_d57959